000 00334 a2200157 4500
001 192210
020 _a85-280-0144-X
040 _cMagnum
100 _aPozenato, Jose Clemente
240 1 0 _aO caso do martelo
_lpor
245 1 0 _aO caso do martelo
300 _a88
362 0 _a1991
697 _aLITERATURA GERAL
942 _cBK
999 _c192210
_d192210